000 00403nam a2200145Ia 4500
008 100204s9999 xx 000 0 und d
082 _b6794
100 _aलागू चिंतामणी
245 _aकोहरा
260 _b"शकुन प्रकाशन , पुणे 30"
_c1984
300 _a192
630 _aकोहरा
730 _aकोहरा
942 _cBOOK
999 _c451232
_d451229